Top 10 Coventry City Premier League Scorers - Statistics

General Stats
  • This quiz has been taken 98 times
  • The average score is 5 of 10
Answer Stats
Player Goals % Correct
Dion Dublin 62
100%
Robbie Keane 12
73%
Darren Huckerby 28
69%
Gary McAllister 20
47%
Micky Quinn 25
45%
Noel Whelan 30
45%
Mustapha Hadji 12
42%
Peter Ndlovu 35
38%
John Williams 11
25%
Roy Wegerle 14
19%
No matching quizzes found
Score Distribution
Percent of People with Each Score
Percentile by Number Answered
Your Score History
You have not taken this quiz